Bencana makan diri

Bibliographic Details
Main Author: Sailey Azizah Zain
Format: Book
Published: Selangor : Pustaka Cita Tinggi , 2004
Series:Siri novel cermin diri
Subjects:

MARC

LEADER 00000cam a2200000 7i4500
001 0000001124
005 20151222.0
008 070704
020 |a 9830233901 
090 0 0 |a JF   |b MAL 
100 0 |a Sailey Azizah Zain 
245 1 0 |a Bencana makan diri   |c Sailey Azizah Zain 
260 |a Selangor :   |b Pustaka Cita Tinggi ,   |c 2004 
440 0 |a Siri novel cermin diri 
500 |a Children ages 10-12 years old (pink) 
650 0 |a Malay fiction 
999 |a 0000003652   |b Book   |c Children Collection   |e Cawangan Taman Universiti 
999 |a 0000956078   |b Book   |c Children Collection   |e Cawangan Segamat 
999 |a 0000956079   |b Book   |c Children Collection   |e Cawangan Bukit Gambir